000 003260000a22001450004500
005 20120302054454.0
942 _cBOOK
245 _a Kalyan Anka:Varsha 41-Anka 9
260 _aGorakhpur:Geeta,1967.
300 _a1155-1216p.
040 _aHIN
650 _aSankirna
650 _aMaasik-Sankirna
650 _aKalyan-Maasik
999 _c345722
_d345719